Statistics for Smallest Countries by Population and Scrabble Score

Click here to take the quiz!

General Stats

  • This quiz has been taken 26 times
  • The average score is 15 of 25

Answer Stats

RankCountry% Correct
193.5Nauru
91%
182.5Palau
87%
168Tuvalu
83%
172.5Andorra
70%
147.5Iceland
70%
174Samoa
70%
149San Marino
70%
183.5Tonga
70%
170Malta
65%
148.5Vanuatu
65%
157Monaco
61%
154Oman
61%
164Brunei
57%
162Estonia
57%
161.5Grenada
57%
140.5Ireland
57%
144Latvia
57%
151Laos
48%
147Togo
48%
140.5Israel
43%
144.5Suriname
43%
152.5Gabon
39%
142.5Guyana
39%
145.5Eritrea
35%
138.5Albania
22%

Score Distribution

Percentile by Number Answered

Percent of People with Each Score

Your Score History

You have not taken this quiz